<?xml version="1.0" encoding="UTF-8"?>
<marc:record xmlns:marc="http://www.loc.gov/MARC21/slim">
   <marc:leader>00000nam a2200000 a 4500</marc:leader>
   <marc:datafield ind1="1" ind2=" " tag="100">
      <marc:subfield code="a">Caldwell, Ian</marc:subfield>
      <marc:subfield code="4">aut</marc:subfield>
      <marc:subfield code="e">Verfasser/-in</marc:subfield>
   </marc:datafield>
   <marc:datafield ind1="0" ind2="0" tag="245">
      <marc:subfield code="a">Das geheime Evangelium</marc:subfield>
   </marc:datafield>
   <marc:datafield ind1="0" ind2="0" tag="245">
      <marc:subfield code="b">Thriller</marc:subfield>
   </marc:datafield>
   <marc:datafield ind1="0" ind2="0" tag="245">
      <marc:subfield code="c">Ian Caldwell ; aus dem Amerikanischen von Wolfgang Thon</marc:subfield>
   </marc:datafield>
   <marc:datafield ind1=" " ind2="1" tag="264">
      <marc:subfield code="a">Berlin</marc:subfield>
      <marc:subfield code="b">Rütten &amp; Loening</marc:subfield>
      <marc:subfield code="c">2016</marc:subfield>
   </marc:datafield>
   <marc:datafield ind1="1" ind2=" " tag="520">
      <marc:subfield code="a">Angaben aus der Verlagsmeldung

Das geheime Evangelium : Thriller Caldwell, Das geheime Evangelium / von Ian Caldwell

'Meisterhaft … Das geheime Evangelium ist eine besondere Story – klug und dennoch ein Pageturner.' David Baldacci

Der Vatikan im Jahr 2004, während sich die Herrschaft Johannes Pauls II. langsam dem Ende zuneigt. In den Gärten von Castello Gandolfo wird ein Kurator ermordet, der eine außergewöhnliche Ausstellung betreut hat. Er wollte das Schisma der Kirche überwinden, indem er die Geschichte des Grabtuchs von Turin offenlegt. Alex, ein Priester, der der griechisch-orthodoxen Kirche angehört, wird von seinem Bruder Simon, einem Priester des Vatikans, zum Tatort gerufen. Simon wollte sich dort heimlich mit dem Kurator treffen. Doch während Alex sich noch in den Gärten aufhält, wird in seine Wohnung eingebrochen. Alex beginnt, eigene Ermittlungen anzustellen – zumal sein Bruder verdächtigt wird, den Kurator getötet zu haben. Welches Geheimnis hat den Kurator getötet? Was hat es mit dem geheimen Evangelium auf sich? Alex ahnt, dass er der Wahrheit immer näher kommt, denn plötzlich wird er selbst gejagt.

'Ein Religionsthriller der Sonderklasse …mit mehr als ein paar überraschenden Wendungen.' Publishers Weekly
</marc:subfield>
   </marc:datafield>
   <marc:datafield ind1=" " ind2=" " tag="020">
      <marc:subfield code="a">9783352006661</marc:subfield>
      <marc:subfield code="9">9783352006661</marc:subfield>
   </marc:datafield>
   <marc:datafield ind1=" " ind2=" " tag="020">
      <marc:subfield code="a">3352006660</marc:subfield>
      <marc:subfield code="9">3352006660</marc:subfield>
   </marc:datafield>
</marc:record>
